000 00273 a2200145 4500
001 59294
020 _a8508064705
040 _cAnchieta - Pituba
240 1 0 _aQuímica
_lpor
245 1 0 _aQuímica
300 _a64
362 0 _a1997
650 4 _aQuímica
942 _cBK
999 _c59294
_d59294